| 000 | 00392nam a22001577a 4500 | ||
|---|---|---|---|
| 999 |
_c7987 _d7987 |
||
| 003 | OSt | ||
| 005 | 20200615150959.0 | ||
| 008 | 200615b ||||| |||| 00| 0 eng d | ||
| 020 | _a9788490540077 | ||
| 082 |
_a727 _bBRO |
||
| 100 | _d Broto, Carles, | ||
| 110 | _aJacobo Krauel | ||
| 245 | _aSchools Innovation & Design | ||
| 260 |
_aSpain _bLinks International _cMarch 7, 2014 |
||
| 942 | _2ddc | ||